000 03917nam0a2200469 4500
001 RU\NLR\BIBL_A\012033527
005 20250809113158.0
020 _aRU
_9Ленинград в Великой Отечественной войне. Коллекция. Афиши
035 _a(NLR Aleph) 012033527
090 _a60018
_c60018
100 _a20190221d1944 u y0rusy50 ca
101 0 _arus
102 _aRU
105 _ay z 000zy
135 _acrcn 024anaba
200 1 _aПремьера. Вторая программа старинных водевилей
_e[афиша]
_fУправление по делам искусств Исполкома Ленгорсовета, Зал камерных концертов
210 _a[Ленинград]
_cЛТ УН-9
_d1944
215 _a1 л.
_d57x44
300 _aНачало в 19 часов. Билеты продаются ежедневно в кассе зала с 11 до 19 час.
300 _aЗак. 1672
325 _aКопия доступна в Электрон. б-ке РНБ
327 _aДядюшкин фрак и тетушкин капот: водевиль в 2-х действиях Н. Яковлевского. Действующие лица: Кузьма Аникиевич Кочерышкин, ростовщик В.И. Колотушкин; Машенька, дочь его М.А. Файбушевич; Осип Осипович Сморчков А.А. Виноградов; Федор Максимович Квасов, купец Н.К. Польяк; Матрена Карповна, жена его А.К. де-Лазари; Пашенька, дочь их О.И. Боровикова; Акулина, кухарка Кочерышкина А.А. Толубеева; Извощик А.С. Пикар; Действие происходит в Петербурге в сороковых годах. Шашки: водевиль в 1 действии Н. Криницкого. Действующие лица: Прохор Демьянович, чиновник в отставке Н.К. Польяк; Мила, его внучка О.И. Боровикова; Жорж, молодой человек А.А. Виноградов; Ардальон Феофилактович Гвоздев, учитель И.П. Новский; Прокофьевна, нянька Милы Е.Г. Гаршина. Действие происходит в Петербурге в сороковых годах. Ассистент режиссера А.С. Пикар. Постановка И.П. Новского. Свет С.И. Ачкасова. Муз. оформление и сопров. О.А. Норейко
606 1 _aТеатральная жизнь
_yЛенинград, город
_z1941 - 1944
_jАфиши
_2nlr_sh2
_3RU\NLR\AUTH\6601649837
686 1 _aЩ333(2Р=Рус)7-692Ленинград
712 0 2 _aЗал камерных концертов
_cЛенинград
_3RU\NLR\AUTH\880495405
_4570
852 _aNLR
_jЛ3-330а/12/3/1944
856 0 _uhttp://vivaldi.nlr.ru/la700000148/view
856 1 _uhttp://vivaldi.nlr.ru/la700000148/cover
856 2 _uhttp://vivaldi.nlr.ru/la700000148/text
942 _cVISUAL
945 _aРоссийская национальная библиотека
980 _aNB
980 _aBV
980 3 _akplen
980 3 _akp
981 3 7 _a(37) Ленинград в Великой Отечественной войне
_b(37) Афиши блокадного Ленинграда